Countries or Territories which you can fly to from Texas - Statistics

General Stats
  • This quiz has been taken 149 times
    123 since last reset
  • The average score is 22 of 32
Answer Stats
Countries % Correct
Mexico
96%
Canada
95%
United Kingdom
94%
Brazil
93%
Germany
92%
Australia
91%
France
91%
China
90%
Spain
89%
Argentina
88%
Japan
88%
Colombia
85%
South Korea
82%
Bahamas
81%
Costa Rica
80%
India
75%
Netherlands
75%
Belize
73%
Dominican Republic
71%
El Salvador
68%
Taiwan
63%
United States of America
63%
Singapore
62%
Turkey
62%
United Arab Emirates
62%
Qatar
50%
Puerto Rico
44%
Aruba
34%
Angola
19%
Grand Cayman
3%
Turks and Caicos Islands
3%
Trindad and Tobago
2%
No matching quizzes found
Score Distribution
Percent of People with Each Score
Percentile by Number Answered
Your Score History
You have not taken this quiz since the last reset